000 00260nam a2200097Ia 4500
008 230508s2009 xx 000 0 und d
041 _aeng
100 _aRAO
245 _aOPERATION AND MAINTENANCE OF ELECTRICAL EQUIPMENT
260 _bMEDIA PROMOTERS
_c2009
_g2007
999 _c723965
_d723965